Central Library OPAC University of Rajshahi

Bangladesh rural and feeder roads sector assessment / (Record no. 30716)

MARC details
000 -LEADER
fixed length control field 01198nam a22002657a 4500
001 - CONTROL NUMBER
control field 30716
003 - CONTROL NUMBER IDENTIFIER
rucl marc code BD-RjUL
005 - DATE AND TIME OF LATEST TRANSACTION
control field 20211209051615.0
008 - FIXED-LENGTH DATA ELEMENTS--GENERAL INFORMATION
fixed length control field 140412s1989 b a|||| b||| 00| 0 eng d
035 ## - SYSTEM CONTROL NUMBER
System control number (BD-RjUL)30803
040 ## - CATALOGING SOURCE
Original cataloging agency BD-RjUL
Language of cataloging eng
Transcribing agency BD-RjUL
Modifying agency BD-RjUL
041 ## - LANGUAGE CODE
Language code of text/sound track or separate title eng
082 ## - DEWEY DECIMAL CLASSIFICATION NUMBER
Edition number 21
Classification number 388.112095492 1989
110 ## - MAIN ENTRY--CORPORATE NAME
Corporate name or jurisdiction name as entry element United States. Agency for International Development.
Subordinate unit Office of Rural and Institutional Development.
9 (RLIN) 93348
245 ## - TITLE STATEMENT
Title Bangladesh rural and feeder roads sector assessment /
Statement of responsibility, etc. United States. Agency for International Development. Office of Rural and Institutional Development.; Decentralization: Finance and Management Project.; Associates in Rural Development, Inc.
260 ## - PUBLICATION, DISTRIBUTION, ETC. (IMPRINT)
Place of publication, distribution, etc. Burlington, Vt. :
Name of publisher, distributor, etc. Associates in Rural Development,
Date of publication, distribution, etc. 1989.
300 ## - PHYSICAL DESCRIPTION
Pagination viii, 51 p. :
Illustrations Ill. ;
Size 28cm.
500 ## - GENERAL NOTE
General note ~Funded by: USAID/Dhaka"
504 ## - BIBLIOGRAPHY, ETC. NOTE
Bibliography, etc Includes bibliographical references.
650 ## - SUBJECT ADDED ENTRY--TOPICAL TERM
Topical term or geographic name as entry element Roads
General subdivision Costs
Geographic subdivision Bangladesh.
9 (RLIN) 93349
Topical term or geographic name as entry element Roads
General subdivision Maintenance and repair
Geographic subdivision Bangladesh.
9 (RLIN) 93350
710 ## - ADDED ENTRY--CORPORATE NAME
Corporate name or jurisdiction name as entry element Decentralization: Finance and Management Project (DFM).
9 (RLIN) 93351
Corporate name or jurisdiction name as entry element Associates in Rural Development, Inc.
9 (RLIN) 93352
942 ## - ADDED ENTRY ELEMENTS (KOHA)
Source of classification or shelving scheme Dewey Decimal Classification
Koha item type Documents
Holdings
Lost status Source of classification or shelving scheme Damaged status Not for loan Collection code Permanent Location Current Location Shelving location Date acquired Source of acquisition Cost, normal purchase price Total Checkouts Full call number Date last seen Copy number Koha item type
  Dewey Decimal Classification   Not For Loan Non-fiction Central Library, University of Rajshahi Central Library, University of Rajshahi Documentation Section 15/07/1990 USAID, Dhaka 0.00   DOC 388.112095492 UNB 1989 12/04/2014 C-1 Documents